Wende der Weltwirtschaft

Guardado en:
Detalles Bibliográficos
Formato: Libro
Lenguaje:alemán
Publicado: Leipzig Wilhelm Goldman 1939
Etiquetas: Agregar Etiqueta
Sin Etiquetas, Sea el primero en etiquetar este registro!

MARC

LEADER 00000nam a2200000 4500
001 0268653
005 20240822101712.4
041 0 |a ger 
044 |a DE 
245 1 0 |a Wende der Weltwirtschaft  |c Ferdinand Fried 
264 1 |a Leipzig  |b Wilhelm Goldman  |c 1939